LEADER 00653nas a2200169 i 4500 001 000000002171 003 CaOOAMICUS 005 20180830125435.0 008 180830n it uu u0 0ita r 040 $aSeMil$bita 245 13$aLa Cultura filosofica /$cdiretta da Francesco De Sarlo. 260 $aFirenze :$b[s.n.] 500 $aConsistenza: 1. (1907 agosto) - 11. (1917). - Lacune : 1908 gennaio-luglio. 700 1 $aDe Sarlo, Francesco <1864-1937>.$0(OLS)http://semarc/name/1874 774 0 $tTitolo mancante.$w()130452 996 $6245$aLa Cultura filosofica$9(OLS)http://semarc/title/3613 996 $6260$aFirenze :$b[s.n.]$9(OLS)http://semarc/publisher/30464 LEADER 01475nam a2200253 i 4500 001 000000049519 003 CaOOAMICUS 005 20121025000000.0 008 121025s1972 xx u000 u fre u 013 $a20690 040 $aSeMil$bita 100 1 $aDamaskinos Papandreou .$0(OLS)http://semarc/name/11504 240 10$aPropositions de la Commission sur les thèmes : 1. Économie, 2. Participation des laïcs, 3. Réadaptation des regles du jeune, 4. Empêchements de mariage, 5. Question du calendrier.$0(OLS)http://semarc/title/75326 245 10$aSaint et Grand Concile de l'Église Orthodoxe :$bétudes des thèmes, première étape /$cDamaskinos (Papandreou) 250 $aVersion française officielle établie sur les textes originaux. 260 $aParis :$bRevue Orthodoxe «Contacts»,$c1972. 300 $a64 p. ;$c21 cm. 500 $aContiene : Liste des thèmes du ... Concile établie par la 1. Conférence pan-orthodoxe a Rhodes (1961). 700 1 $aCommission Interorthodoxe préparatoire au saint et grand Concile de l'Église.$0(OLS)http://semarc/name/24532 850 $aSeMil 852 $aSeMil$W1$xVenegono$y1$m2J II 116$j15674$B15674$CSeMilBibl$Z2$F15674 $81 961 $aOmaggio: Deposito 996 $6245$aSaint et Grand Concile de l'Église Orthodoxe :$bétudes des thèmes, première étape$9(OLS)http://semarc/title/75325 996 $6260$aParis :$bRevue Orthodoxe «Contacts»$9(OLS)http://semarc/publisher/37358